[Event "Canadian Open"]
[Site "Ottawa CAN"]
[Date "2007.07.11"]
[Round "6"]
[White "Bradford,J"]
[Black "Doubleday,W"]
[Result "1-0"]
[WhiteElo "2406"]
[BlackElo "2130"]

1.Nf3 d5 2.g3 Bg4 3.Bg2 c6 4.d4 Nf6 5.Nbd2 e6 6.c4 Be7 7.O-O Nbd7 8.b3 O-O
9.Bb2 a5 10.a3 c5 11.Ne5 Bf5 12.Nxd7 Qxd7 13.cxd5 exd5 14.dxc5 Bxc5 15.Bxf6 gxf6
16.Nf3 d4 17.Qd2 Qd6 18.Rfd1 Rfd8 19.Nh4 Bg6 20.Nxg6 hxg6 21.Bxb7 Rab8 22.Be4 Rxb3
23.Qxa5 Rxa3 24.Rxa3 Bxa3 25.Rb1 Bc5 26.Bd3 Rd7 27.Qa8+ Rd8 28.Qb7 Rd7 29.Qc8+ Rd8
30.Qg4 Rd7 31.Rb5 Ba7 32.Bc4 Rc7 33.Qxg6+ Kf8 34.Qh6+ Ke7 35.Bd3 Rc5 36.Rb1 Bb8
37.h4 Bc7 38.Qh7 Qe5 39.Ra1 f5 40.Qh5 f4 41.Qxe5+ Bxe5 42.g4 f3 43.exf3 Rc3
44.Rd1 f6 45.Kg2 Kf8 46.Bf5 Rc4 47.Re1 Rc3 48.Ra1 Kg7 49.Ra5 Rc7 50.Rd5 Re7
51.Kf1 Kf8 52.Be4 Ra7 53.g5 Kg7 54.h5 Re7 55.h6+ Kf8 56.g6 Re8 57.Bf5  1-0

[Event "New Jersey Futurity"]
[Site "Parsippany USA"]
[Date "2007.07.11"]
[Round "8"]
[White "Panchanathan,M"]
[Black "Bartell,T"]
[Result "0-1"]
[WhiteElo "2486"]
[BlackElo "2398"]

1.Nf3 d5 2.g3 Nf6 3.Bg2 c5 4.O-O Nc6 5.d4 Bf5 6.b3 e6 7.Bb2 cxd4 8.Nxd4 Be4
9.Nxc6 bxc6 10.Bxe4 Nxe4 11.Nd2 Nf6 12.c4 Be7 13.Qc2 O-O 14.Rfd1 Qb6 15.e3 a5
16.Bd4 Bc5 17.Bxf6 gxf6 18.Rab1 f5 19.Nf3 Be7 20.Ne5 Qc7 21.Nd3 Rfc8 22.Nb2 Bf6
23.Na4 Rab8 24.Rbc1 Qd8 25.Qe2 Qf8 26.Rc2 Rd8 27.Kg2 Rd7 28.Qf3 Rbd8 29.Rdc1 Qa3
30.g4 Bg5 31.gxf5 d4 32.Rg1 Kh8 33.Kh1 Qe7 34.fxe6 fxe6 35.exd4 Rxd4 36.Re2 Rh4
37.Rg4 Rf8 38.Qg3 Rxg4 39.Qxg4 Rf4 40.Qg3 Qf6 41.Nc3 Bh4 42.Qd3 Rf3 43.Re3 Rxf2
44.Nd1 Rd2  0-1

[Event "12th European Maccabi Games"]
[Site "Rome ITA"]
[Date "2007.07.11"]
[Round "7"]
[White "Grunberg,M"]
[Black "Gutmans,M"]
[Result "1-0"]
[WhiteElo "2472"]
[BlackElo "2117"]

1.Nf3 d5 2.g3 Nf6 3.Bg2 Bf5 4.c4 e6 5.Qb3 Qc8 6.Nc3 c6 7.Nh4 Bg6 8.Nxg6 hxg6
9.d4 Nbd7 10.Bf4 Be7 11.Rc1 dxc4 12.Qxc4 Nb6 13.Qb3 Nfd5 14.Bd2 O-O 15.e4 Nxc3
16.bxc3 c5 17.Be3 Qd7 18.O-O cxd4 19.cxd4 Rfc8 20.d5 Rxc1 21.Rxc1 exd5 22.exd5 Rc8
23.Rd1 Nc4 24.Bxa7 b6 25.Bxb6 Nxb6 26.Qxb6 Rc2 27.d6 Kh7 28.Qb3 Qf5 29.Bf3 Qc5
30.Qxc2 Qxc2 31.dxe7  1-0

[Event "Campeonato Continental Absolut"]
[Site "Cali COL"]
[Date "2007.07.12"]
[Round "3"]
[White "Valle,E"]
[Black "Hungaski,R"]
[Result "1/2-1/2"]
[WhiteElo "2209"]
[BlackElo "2379"]

1.Nf3 d5 2.g3 Nf6 3.Bg2 Bf5 4.d3 e6 5.O-O Be7 6.Nbd2 h6 7.c4 c6 8.Rb1 a5
9.cxd5 exd5 10.Nd4 Bh7 11.N2f3 Nbd7 12.Bh3 O-O 13.Nf5 Bxf5 14.Bxf5 Re8 15.b3 Bd6
16.Bb2 Ne5 17.Nd4 g6 18.Bh3 h5 19.Bg2 Qb6 20.Nc2 Ned7 21.Qd2 Be5 22.d4 Bd6
23.Qd3 Qa6 24.Qxa6 Rxa6 25.e3 h4 26.Ba3 Bxa3 27.Nxa3 Nh7 28.gxh4 Nhf6 29.Nc2 Kg7
30.Ne1 Rh8 31.Nf3 Ne4 32.Rfc1 Nd6 33.Bf1 Raa8 34.Bd3 Rh5 35.Kf1 Re8 36.b4 axb4
37.Rxb4 Ra8 38.a4 Kf6 39.Ke2 Ke7 40.Re1 b6 41.Ra1 Kd8 42.Rbb1 Kc7 43.Rg1 Ra5
44.Rac1 Kb7 45.Ra1 Rh8 46.Bc2 Kc7 47.Rgc1 c5 48.dxc5 bxc5 49.Rd1 Nb6 50.Rg1 Ndc4
51.Bb3 Rha8 52.Rg5 Kd6 53.h5 gxh5 54.Rxh5 Nxa4 55.Rh6+ Ke7 56.Rxa4 Rxa4 57.Bxa4 Rxa4
58.Rc6 Ra2+ 59.Kf1 Rc2 60.h4 Nd6 61.Ng5 Kd7 62.Ra6 d4 63.exd4 cxd4 64.Nf3 Ne4
65.Ra7+ Ke8 66.Nxd4 Rxf2+ 67.Kg1 Rf4 68.Ra8+ Ke7 69.Rh8 Kf6 70.Kg2 Rf2+ 71.Kg1 Ke5
72.Re8+ Kxd4 73.Rxe4+ Kxe4 74.Kxf2 Kf4 75.h5 Kg5 76.Kf3 Kxh5 77.Kf4 Kg6 78.Kg4 Kf6
79.Kf4 Ke6 80.Ke4 f5+ 81.Kf4 Kf6 82.Kf3 Ke5 83.Ke3 Ke6 84.Kf4 Kf6 85.Kf3 Kg5
86.Kg3 f4+ 87.Kf3 Kf5 88.Kf2 Ke6 89.Kf3 Ke5 90.Kf2 Ke4 91.Ke2 Ke5 92.Kf3 Kf5
93.Kf2 Kg6 94.Kf3 Kg5 95.Kf2 Kg4 96.Kg2 f3+ 97.Kf2 Kf4 98.Kf1 Ke3 99.Ke1 f2+
100.Kf1  1/2-1/2

[Event "Canadian Open"]
[Site "Ottawa CAN"]
[Date "2007.07.13"]
[Round "8"]
[White "Ivkov,B"]
[Black "Aveskulov,V"]
[Result "0-1"]
[WhiteElo "2414"]
[BlackElo "2539"]

1.Nf3 d5 2.g3 Nf6 3.Bg2 e6 4.O-O Be7 5.b3 c5 6.Bb2 Nc6 7.d4 O-O 8.e3 Qc7
9.Nbd2 b6 10.c4 Ba6 11.Ne5 Rac8 12.Nxc6 Qxc6 13.Rc1 Rfd8 14.Re1 Qe8 15.cxd5 Nxd5
16.dxc5 Bxc5 17.a3 Qf8 18.b4 Nxb4 19.axb4 Bxb4 20.Qa4 Bxd2 21.Ba3 Qe8 22.Rxc8 Rxc8
23.Qxe8+ Rxe8 24.Rd1 Bc3 25.Rd7 Be2 26.Rxa7 Rd8 27.Bf1 Bf3 28.Rc7 Be5 29.Rc1 h6
30.Bg2 Rd1+ 31.Rxd1 Bxd1 32.f4 Bc3 33.Bc6 Be2 34.Kf2 Bc4 35.Bb7 b5 36.Ba6 f5
37.Bc5 Kf7 38.Bd4 Bxd4 39.exd4 Ke7 40.Ke3 Kd6 41.h3 Kc6 42.h4 Kb6 43.Bc8 b4
44.Bd7 Kc7 45.Be8 Kd6 46.Bh5 b3 47.Kd2 b2 48.Kc2 Kd5 49.Kxb2 Kxd4 50.Bd1 Bd5
51.h5 Ke3 52.Kc3 Bf3 53.Bb3 Bxh5 54.Bxe6 Bg4 55.Bd7 h5  0-1

[Event "Open A"]
[Site "Oberwart AUT"]
[Date "2007.07.14"]
[Round "8"]
[White "Gajewski,G"]
[Black "Ernst,T"]
[Result "1-0"]
[WhiteElo "2556"]
[BlackElo "2434"]

1.Nf3 d5 2.g3 Nf6 3.Bg2 Bf5 4.O-O h6 5.c4 c6 6.Nc3 e6 7.d3 Nbd7 8.cxd5 cxd5
9.e4 dxe4 10.dxe4 Bxe4 11.Nxe4 Nxe4 12.Re1 Nef6 13.Nd4 Qb6 14.Be3 Bc5 15.b4 Qxb4
16.Rb1 Qc4 17.Bxb7 Rb8 18.Nc6 O-O 19.Nxb8 Rxb8 20.Bxc5 Qxc5 21.Bf3 Rxb1 22.Qxb1 Nb6
23.Rd1 g5 24.Qb2 Kg7 25.Kg2 Qf5 26.h3 Nd5 27.Bxd5 exd5 28.Qd4 Kg6 29.Qxa7 Qe4+
30.Kg1 Qf5 31.Rc1 Qxh3 32.Rc6 Qg4 33.Qb6 Qf3 34.Qd4 h5 35.a4 h4 36.a5 hxg3
37.Qxf6+ Qxf6 38.Rxf6+ Kxf6 39.a6 d4 40.a7  1-0

[Event "Open A"]
[Site "Oberwart AUT"]
[Date "2007.07.14"]
[Round "8"]
[White "Klenburg,M"]
[Black "Danner,G"]
[Result "1/2-1/2"]
[WhiteElo "2387"]
[BlackElo "2426"]

1.Nf3 d5 2.g3 c5 3.Bg2 Nc6 4.d4 cxd4 5.Nxd4 e5 6.Nxc6 bxc6 7.O-O Be6 8.c4 Qd7
9.Qa4 Rc8 10.cxd5 cxd5 11.Qxd7+ Kxd7 12.Rd1 Ke8 13.Nc3 d4 14.Nb5 Bd7 15.Na3 Nf6
16.e3 Bc5 17.Nc4  1/2-1/2

[Event "ChIP"]
[Site "Paris FRA"]
[Date "2007.07.14"]
[Round "8"]
[White "Van Delft,M"]
[Black "Pile,R"]
[Result "1/2-1/2"]
[WhiteElo "2408"]
[BlackElo "2277"]

1.Nf3 d5 2.g3 Nf6 3.Bg2 Bf5 4.O-O e6 5.d3 h6 6.Nbd2 Be7 7.b3 O-O 8.Bb2 a5
9.a3 Bh7 10.c4 c6 11.Ra2 Nbd7 12.Qa1 Qb6 13.Ne5 Nxe5 14.Bxe5 Qa6 15.Rc1 Rfd8
16.h3 Ne8 17.Nf3 Bf8 18.Rcc2  1/2-1/2

[Event "ChIP"]
[Site "Paris FRA"]
[Date "2007.07.15"]
[Round "9"]
[White "Bernard,Ch"]
[Black "Debray,C"]
[Result "1-0"]
[WhiteElo "2354"]
[BlackElo "2333"]

1.Nf3 d5 2.g3 Nf6 3.Bg2 e6 4.O-O Be7 5.c4 O-O 6.b3 c5 7.cxd5 exd5 8.d4 Nc6
9.Bb2 Be6 10.Nc3 b6 11.Rc1 Rc8 12.Na4 Nd7 13.Qd2 Na5 14.dxc5 bxc5 15.e3 c4
16.Nd4 Bf6 17.Bc3 Nb7 18.bxc4 Rxc4 19.Nxe6 fxe6 20.Bxd5 Rxa4 21.Bxe6+ Kh8
22.Bxd7 Ra6 23.Bxf6 Qxf6 24.Rc8 Rd6 25.Rxf8+ Qxf8 26.Qb4 Qe7 27.Qxb7 Rxd7
28.Rc1 h6 29.Rc8+ Kh7 30.Qb1+ g6 31.Qa1 Rd8 32.Rxd8 Qxd8 33.Qd4 Qa5 34.a4 h5
35.h4 Qc7 36.e4 a5 37.e5 Qc1+ 38.Kh2 Qe1 39.Qe3 Qb4 40.e6 Qxa4 41.Qa7+ Kh6
42.Qf7 g5 43.e7 gxh4 44.Qf4+  1-0

[Event "XXII Tadeusz Gniota Mem"]
[Site "Police POL"]
[Date "2007.07.15"]
[Round "5"]
[White "Urban,K"]
[Black "Krivonosov,O"]
[Result "1/2-1/2"]
[WhiteElo "2481"]
[BlackElo "2435"]

1.Nf3 d5 2.g3 c6 3.Bg2 Bg4 4.h3 Bxf3 5.Bxf3 Nd7 6.O-O Ngf6 7.d3 Qc7 8.Bg2 e5
9.c4 dxc4 10.dxc4 Be7 11.Qc2 O-O 12.Nc3 Rfd8 13.Rd1 Nf8  1/2-1/2

[Event "Campeonato Continental Absolut"]
[Site "Cali COL"]
[Date "2007.07.16"]
[Round "7"]
[White "Valle,E"]
[Black "Paez,D"]
[Result "0-1"]
[WhiteElo "2215"]
[BlackElo "2048"]

1.Nf3 d5 2.g3 Bf5 3.Bg2 Nf6 4.O-O e6 5.d3 Nbd7 6.Re1 Bc5 7.Nc3 Ng4 8.d4 Bb4
9.Nh4 Ngf6 10.Nxf5 exf5 11.Qd3 Bxc3 12.bxc3 g6 13.Ba3 Nb6 14.Rab1 Nc4 15.Bc1 Rb8
16.Bg5 Nb6 17.a4 O-O 18.a5 Nc4 19.a6 Kg7 20.Rxb7 Rxb7 21.axb7 Qd7 22.Rb1 Rb8
23.Rb4 Ne4 24.Bxe4 fxe4 25.Qd1 h6 26.Be3 a5 27.Rb3 Qc6 28.Qb1 Nb6 29.f3 a4
30.Rb4 Qxc3 31.Bf4 Rxb7 32.Rxa4 Nxa4 33.Qxb7 Qe1+ 34.Kg2 Qxe2+ 35.Kh3 Qf1+
36.Kg4 Qxf3+ 37.Kh3 Qh5+ 38.Kg2 Qe2+ 39.Kh3 Qh5+ 40.Kg2 Qf3+ 41.Kh3 g5 42.Be5+ Kg6
43.Qb1 Kh5  0-1

[Event "22nd North Sea Cup"]
[Site "Esbjerg DEN"]
[Date "2007.07.16"]
[Round "6"]
[White "Weindl,A"]
[Black "Willumsen,H"]
[Result "1/2-1/2"]
[WhiteElo "2361"]
[BlackElo "2246"]

1.Nf3 d5 2.g3 Nf6 3.Bg2 e6 4.O-O Be7 5.d3 O-O 6.Nbd2 c5 7.e4 Nc6 8.Re1 dxe4
9.dxe4 e5 10.c3 Qc7 11.Qe2 b6 12.Nf1 Bg4 13.Ne3 Rad8 14.h3 Bc8 15.Nh2 Be6
16.Nhg4 Nxg4 17.hxg4 Qd7 18.Rd1 Qc8 19.Bd2 Bg5 20.Nf5 Bxd2 21.Rxd2 Rxd2 22.Qxd2 Rd8
23.Qg5 Bxf5 24.exf5 f6 25.Qe3 h6 26.Qe2 Kh8 27.g5 hxg5 28.Be4 Ne7 29.Qc4 Ng8
30.Qf7 Nh6 31.Qxa7 Rd6 32.a4 Qd8 33.Kg2 Rd2 34.Qa6 Rxb2 35.Qd3  1/2-1/2

[Event "Zudov Mem B"]
[Site "Nizhnij Tagil RUS"]
[Date "2007.07.16"]
[Round "10"]
[White "Kuligin,E"]
[Black "Dashibalov,E"]
[Result "1/2-1/2"]
[WhiteElo "2355"]
[BlackElo "2287"]

1.Nf3 d5 2.g3 Nf6 3.Bg2 c6 4.O-O Bf5 5.d3 h6 6.c4 dxc4 7.dxc4 Qxd1 8.Rxd1 Nbd7
9.Be3 e5 10.h3 Bc2 11.Rc1 Bf5 12.Nc3 Be6 13.Nd2 Nb6 14.b3 Ba3 15.Rc2 O-O-O
16.g4 h5 17.g5 Bf5 18.Nde4 Nxe4 19.Nxe4 h4 20.Rd2 Rxd2 21.Bxd2 Be7 22.Be3  1/2-1/2

[Event "XII Open"]
[Site "Balaguer ESP"]
[Date "2007.07.17"]
[Round "2"]
[White "Moser,E"]
[Black "Robles Garcia,C"]
[Result "1/2-1/2"]
[WhiteElo "2424"]
[BlackElo "2167"]

1.g3 d5 2.Nf3 c5 3.Bg2 Nc6 4.d4 Bf5 5.O-O e6 6.c4 dxc4 7.Qa4 Qa5 8.Qxc4 Qb4
9.Qxb4 Nxb4 10.Na3 Be4 11.Nb5 Nd5 12.Bf4 Rd8 13.Nc7+ Nxc7 14.Bxc7 Rc8 15.Bf4 Nf6
16.Rfc1 Nd5 17.dxc5 Rxc5 18.Rxc5 Bxc5 19.Rc1 Bb6 20.Rc8+ Bd8 21.Ne5 Bxg2
22.Kxg2 Nxf4+ 23.gxf4 O-O 24.Nd7 Re8 25.Nc5 Kf8 26.Nxb7 Bf6 27.Rc7 Re7 28.Rc8+ Re8
29.Rxe8+ Kxe8 30.b3 Kd7 31.Nc5+ Kc6 32.Nd3 Kd5 33.e3 Ke4 34.Nc5+ Kd5 35.Nd3 Ke4
36.Nb4 Bc3 37.Nc6 a5 38.Nd8 Kd3 39.Kf3 Kc2 40.Ke2 Kb2 41.Kd3 Be1 42.Nxf7 Kxa2
43.Kc4 Bxf2 44.e4 Be3 45.f5 exf5 46.exf5 Bf4 47.h3 Kb2 48.Nd8 Ka3 49.Ne6 Be5
50.Nc5 Bd6 51.Nb7 Bc7 52.Nc5 Bd6 53.Ne4 Be7 54.Ng3 Bf6 55.Ne4 Be7 56.Nc3 Bf6
57.Nd5 Be5 58.Ne7 Bd6 59.Nc6 Bc7 60.Kc3 Ka2 61.Kc2 Ka3 62.Kc3 Ka2 63.Kc2 Ka3
64.Ne7 Bd6 65.Nd5 Be5 66.Ne7 Bd6 67.Nc6 Bc7  1/2-1/2

[Event "22nd North Sea Cup"]
[Site "Esbjerg DEN"]
[Date "2007.07.17"]
[Round "7"]
[White "Carlstedt,J"]
[Black "Lauridsen,Jesper"]
[Result "1/2-1/2"]
[WhiteElo "2083"]
[BlackElo "2223"]

1.Nf3 d5 2.g3 Nf6 3.c4 e6 4.Bg2 c5 5.O-O Nc6 6.cxd5 exd5 7.d3 Be7 8.Bf4 O-O
9.Ne5 Nxe5 10.Bxe5 Be6 11.e4 dxe4 12.dxe4 Bc4 13.Qxd8 Raxd8 14.Rc1 Bd3 15.Nc3 Rfe8
16.Re1 c4 17.Nd5 Nxd5 18.exd5 Bb4 19.Bc3 Bxc3 20.bxc3 Kf8 21.f4 Rxe1+ 22.Rxe1 Rd6
23.Be4 b5 24.Bxd3 cxd3 25.Rd1 Rxd5 26.Kf2 Ke7 27.Ke3 Kd6 28.Rxd3 f5 29.Kd2 Rxd3+
30.Kxd3 Kd5 31.Kc2 Kc4 32.Kb2 h6 33.Kc2 g5 34.fxg5 hxg5 35.Kd2 g4 36.Kc2 a5
37.Kb2 b4 38.cxb4 Kxb4 39.Kb1 Kc5 40.Kc1 Kd5 41.Kd1 Kc5 42.Kc1 Kb5 43.Kb1 Ka4
44.Ka1 Ka3 45.Kb1 a4 46.Ka1 Kb4 47.Kb2 a3+ 48.Kc2 Kc4 49.Kd2 Kd4 50.Ke2 Kc3
51.Ke3 Kb2 52.Kd2 Kxa2 53.Kc2 Ka1 54.Kc1 Ka2  1/2-1/2

[Event "XXII Tadeusz Gniota Mem"]
[Site "Police POL"]
[Date "2007.07.18"]
[Round "8"]
[White "Urban,K"]
[Black "Grabarczyk,M"]
[Result "1/2-1/2"]
[WhiteElo "2481"]
[BlackElo "2482"]

1.Nf3 d5 2.g3 Nf6 3.Bg2 e6 4.O-O Be7 5.d4 O-O 6.c4 c6 7.Qc2 b6 8.Rd1 Nbd7
9.Nbd2 Bb7 10.e4 Rc8 11.e5 Ne8 12.cxd5 cxd5 13.Qb1 Qc7 14.Nf1 Qc2 15.Qxc2 Rxc2
16.Ne3 Rc8 17.Bd2 Nc7  1/2-1/2

[Event "22nd North Sea Cup"]
[Site "Esbjerg DEN"]
[Date "2007.07.19"]
[Round "9"]
[White "Weindl,A"]
[Black "Berg,P"]
[Result "0-1"]
[WhiteElo "2361"]
[BlackElo "1966"]

1.Nf3 d5 2.g3 Nf6 3.Bg2 c6 4.O-O Bg4 5.c4 e6 6.b3 Nbd7 7.Bb2 Be7 8.d3 O-O
9.Nbd2 Re8 10.Rc1 Bf8 11.h3 Bh5 12.d4 h6 13.Ne5 Nxe5 14.dxe5 Nd7 15.f4 Rc8
16.Kh1 Bc5 17.g4 Bxg4 18.cxd5 cxd5 19.Rxc5 Nxc5 20.hxg4 Qh4+ 21.Kg1 Qxg4
22.Bd4 b6 23.Qe1 Ne4 24.Nxe4 dxe4 25.Qd1 Rc7 26.e3 Qg6 27.Qb1 Rec8 28.Qxe4 Qg3
29.Qf3 Qg6 30.Qe4 Qg3 31.Qf3 Qg6 32.Kh1 Rc2 33.a4 Rc1 34.Rxc1 Rxc1+ 35.Kh2 Rc2
36.Kh1 Rc1+ 37.Kh2 Rc2 38.e4 h5 39.Kg1 Rc1+ 40.Kf2 Rc2+ 41.Kf1 Rc1+ 42.Kf2 Rc2+
43.Kg1 Rc1+ 44.Kh2 Rc2 45.b4 Ra2 46.a5 bxa5 47.bxa5 Rxa5 48.Qf2 h4 49.f5 Qg4
50.Bh3 Qg3+ 51.Qxg3 hxg3+ 52.Kxg3 Ra6 53.Bc5 exf5 54.exf5 Ra5 55.Bd6 Rd5
56.Bf1 a5 57.Kf4 Rd1 58.Bc4 Rd4+ 59.Ke3 Rxc4 60.Kd3 Rc6  0-1

[Event "Heart of Finland"]
[Site "Jyvaskyla FIN"]
[Date "2007.07.19"]
[Round "7"]
[White "Kainulainen,J"]
[Black "Malakhatko,V"]
[Result "0-1"]
[WhiteElo "2039"]
[BlackElo "2596"]

1.Nf3 d5 2.g3 Bg4 3.Bg2 Nd7 4.d4 e6 5.Nbd2 Bd6 6.h3 Bh5 7.c4 c6 8.a3 a5 9.b3 Ne7
10.Bb2 O-O 11.O-O h6 12.e4 b6 13.Qe1 Bg6 14.Qe3 Re8 15.Nh4 Bh7 16.f4 Rc8
17.Kh1 Bb8 18.Rac1 dxe4 19.Bxe4 Bxe4+ 20.Nxe4 Nf5 21.Qf2 Nxh4 22.gxh4 Nf6
23.Nxf6+ Qxf6 24.d5 Qf5 25.Qg2 g6 26.dxc6 Qc5 27.Rfe1 Bxf4 28.Rcd1 Qxc6 29.Re4 e5
30.Rd5 Rcd8 31.Re2 Rxd5 32.cxd5 Qd6 33.Qe4 f5 34.Qc4 Rd8  0-1

[Event "Najdorf Mem GpA"]
[Site "Grodzisk Mazowiecki POL"]
[Date "2007.07.20"]
[Round "1"]
[White "Urban,K"]
[Black "Alvarado,C"]
[Result "1-0"]
[WhiteElo "2481"]
[BlackElo "2191"]

1.Nf3 d5 2.g3 Nf6 3.Bg2 c6 4.O-O g6 5.b3 Bg7 6.Bb2 O-O 7.c4 Bg4 8.d3 Bxf3
9.Bxf3 Nbd7 10.Nd2 Qb6 11.Qc2 Rfe8 12.Rac1 a5 13.a3 e6 14.e3 h5 15.Bd4 Qd8
16.b4 axb4 17.axb4 Ng4 18.Nb3 Bxd4 19.Nxd4 e5 20.Nb3 e4 21.dxe4 Nde5 22.Be2 dxe4
23.h3 Nf6 24.Nc5 Qc8 25.Kg2 Ned7 26.Nb3 c5 27.bxc5 Nxc5 28.Nxc5 Qxc5 29.Qb2 Qe7
30.Rc3 Rec8 31.Rb3 Rc7 32.Rb6 Ra6 33.Rxa6 bxa6 34.Qb6 Rb7 35.Qxa6 Rb2 36.c5 Rc2
37.c6 Kg7 38.Rb1 Qc5 39.Rb5 Qxc6 40.Rb6 Qc3 41.Rb1 Qd2 42.Kf1 Rc1+ 43.Rxc1 Qxc1+
44.Kg2 Qc7 45.Qa3 Qc2 46.Qa6 Qc7 47.Bc4 Qc5 48.Bb3 Qf5 49.Qa7 Nd7 50.Qd4+ Nf6
51.Qa7 Nd7 52.Qd4+ Nf6 53.Bd1 Qd5 54.Qa4 Qd7 55.Qa1 Qd5 56.Be2 Qc5 57.Qb2 Qd6
58.Bc4 Qd7 59.Qe5 Qf5 60.Qxf5 gxf5 61.Kf1 Nd7 62.Be2 Kg6 63.Ke1 Ne5 64.Kd2 Nd7
65.Kc3 Nf8 66.Kc4 Ne6 67.h4 Nc7 68.Kc5 Ne8 69.Kd5 Nf6+ 70.Ke5 Nd7+ 71.Kd6 Nf6
72.Ke5 Nd7+ 73.Kd5 Nf6+ 74.Kd6 Ne8+ 75.Ke7 Nf6 76.Bc4 Ng8+ 77.Kf8 Nh6 78.Be2 Ng4
79.Bxg4 fxg4 80.Ke7 Kg7 81.Kd6 Kf6 82.Kd5 Kf5 83.Kd4 Kf6 84.Kxe4 Ke6 85.Kf4 f6
86.e4 Ke7 87.Kf5 Kf7 88.e5 fxe5 89.Kxe5 Kg6 90.Ke6 Kg7 91.Kf5  1-0

[Event "Quebec Open"]
[Site "Montreal CAN"]
[Date "2007.07.20"]
[Round "1"]
[White "Nicula,M"]
[Black "Tu Hoang Thong"]
[Result "1/2-1/2"]
[WhiteElo "2199"]
[BlackElo "2483"]

1.g3 d5 2.Nf3 c5 3.Bg2 Nc6 4.d4 Nf6 5.O-O e6 6.c4 Be7 7.dxc5 Bxc5 8.cxd5 exd5
9.Bg5 O-O 10.Nc3 d4 11.Bxf6 Qxf6 12.Nd5 Qd8 13.Nd2 a6 14.a3 Re8 15.Nf4 Bd6
16.Nd3 Bf5 17.Rc1 Rc8 18.Re1 Qe7 19.Nb3 Be4 20.Bxe4 Qxe4 21.Nbc5 Qe7 22.b4 h6
23.Qb3 Bxc5 24.Rxc5 Rcd8 25.b5 Nb8 26.bxa6 Nxa6 27.Rb5 Rd7 28.Rb1 Qxe2 29.Re1 Qxe1+
30.Nxe1 Rxe1+ 31.Kg2 Ree7 32.Rd5 Nb8 33.a4  1/2-1/2

[Event "ch-Montenegro"]
[Site "Cetinje MNE"]
[Date "2007.07.21"]
[Round "10"]
[White "Drasko,M"]
[Black "Mijovic,S"]
[Result "1/2-1/2"]
[WhiteElo "2552"]
[BlackElo "2234"]

1.Nf3 d5 2.g3 Nf6 3.Bg2 e6 4.O-O Be7 5.c4 O-O 6.b3 b6 7.Bb2 Bb7 8.e3 c5 9.Nc3 Nc6
10.cxd5 Nxd5 11.Nxd5 Qxd5 12.d4 Nb4 13.Nh4 Qd7 14.dxc5 Qxd1 15.Rfxd1 Bxg2
16.Nxg2 Bxc5 17.a3 Nc6 18.b4 Be7 19.Rac1 Rac8 20.Nf4 Nb8 21.h4 Rxc1 22.Rxc1 Bd6
23.e4 Rd8 24.e5 Be7 25.Kf1 Kf8 26.Ke2 Ke8 27.Nh5 Bf8 28.Rc4 Nd7 29.Rc7 Ra8
30.Kd3 Kd8 31.Rc4 Rc8 32.Rg4 g6 33.Nf6 Nxf6 34.exf6 Kc7 35.Be5+ Kd7 36.h5 Rc6
37.hxg6 hxg6 38.Rh4 Bd6 39.f4 g5 40.Rh7 gxf4 41.gxf4 Ke8 42.b5 Rc5 43.Bxd6 Rd5+
44.Ke4 Rxd6 45.Rh8+ Kd7 46.Rf8 Rd5 47.Rxf7+ Kd6 48.a4 Rf5 49.Rxa7 Rxf6 50.Rb7 Kc5
51.Rd7 Rf5 52.Re7 Rf6 53.Rd7 Rf5 54.Rd1 Rf6 55.Rb1 Rf5 56.Rb2 Rf6 57.Re2 Kb4
58.Ra2 Ka5 59.Ra1 Rf5 60.Ra2 Rf6 61.Ra3 Rf5 62.Rc3 Kxa4 63.Rc6 Kxb5 64.Rxe6 Rf8
65.f5 Kc5 66.Ke5 b5 67.Re7 b4 68.Rc7+ Kb5 69.f6 b3 70.Rc1 Kb4 71.Rf1  1/2-1/2

[Event "Lichtenstein Mem"]
[Site "Elkana ISR"]
[Date "2007.07.22"]
[Round "6"]
[White "Porper,E"]
[Black "Deutsch,E"]
[Result "1/2-1/2"]
[WhiteElo "2474"]
[BlackElo "2406"]

1.Nf3 d5 2.g3 c6 3.Bg2 Bg4 4.c4 Nf6 5.O-O Nbd7 6.cxd5 cxd5 7.d4 e6 8.Nc3 Be7
9.Ne5 Bf5 10.Qb3 Qb6 11.Nxd7 Nxd7 12.Qa4 Qb4 13.Qxb4 Bxb4 14.Nb5 O-O 15.a3 Be7
16.Bf4 Nb6 17.Rfc1 a6 18.Nd6 Bxd6 19.Bxd6 Rfc8 20.b3 Rxc1+ 21.Rxc1 Rc8 22.Rc5 Bc2
23.Bc7 Na8 24.Rxc2 Rxc7 25.Rxc7 Nxc7 26.a4 Kf8 27.e4 Ke7 28.exd5 exd5 29.Kf1 Kd6
30.Ke2 Ne6 31.Ke3 Nd8 32.Bf1 Nc6 33.Bd3 h6 34.h4 Ke6 35.g4 g5 36.h5 Kd6 37.Bc2 Kc7
38.Bh7 Kd6 39.Bc2 Na5 40.Kd2 Nc6  1/2-1/2

[Event "Siberia A"]
[Site "Novosibirsk RUS"]
[Date "2007.07.22"]
[Round "4"]
[White "Voinov,A"]
[Black "Verzhansky,A"]
[Result "1/2-1/2"]
[WhiteElo "2428"]
[BlackElo "2361"]

1.Nf3 d5 2.g3 c6 3.Bg2 Bg4 4.O-O Nd7 5.d4 e6 6.Nbd2 f5 7.c4 Ngf6 8.Re1 Bd6
9.Qb3 Rb8 10.h3 Bh5 11.cxd5 exd5 12.Nh4 Bg6 13.g4 O-O 14.g5  1/2-1/2

[Event "29th Politiken Cup"]
[Site "Copenhagen DEN"]
[Date "2007.07.23"]
[Round "4"]
[White "Tuomisto,K"]
[Black "Thorfinnsdottir,E"]
[Result "1-0"]
[WhiteElo "1965"]
[BlackElo "1693"]

1.Nf3 d5 2.g3 Nf6 3.Bg2 Bf5 4.O-O e6 5.b3 c5 6.Bb2 Nc6 7.d3 Be7 8.Nbd2 O-O
9.Re1 Bg6 10.e3 Rc8 11.a3 h6 12.e4 d4 13.Nc4 Qc7 14.Qe2 Rfd8 15.Rad1 Bh5
16.h3 b5 17.Ncd2 Ne5 18.Bc1 Nxf3+ 19.Bxf3 Bxf3 20.Qxf3 Qa5 21.Qe2 a6 22.f4 Nd7
23.Nf3 f6 24.g4 g5 25.h4 gxf4 26.Bxf4 Kh7 27.e5 f5 28.g5 Rg8 29.Kf2 Qd8 30.Rg1 Qe8
31.h5 hxg5 32.Bxg5 Qd8 33.Bxe7 Qxe7 34.Qd2 Nb6 35.Rg6 Rxg6 36.hxg6+ Kg7 37.Rh1 Rh8
38.Rxh8 Kxh8 39.Qh6+ Kg8 40.Ng5 Nd7 41.Nf7  1-0

[Event "IMA"]
[Site "Dimitrov RUS"]
[Date "2007.07.23"]
[Round "3"]
[White "Filatov,D"]
[Black "Shalimov,V UKR"]
[Result "0-1"]
[WhiteElo "2292"]
[BlackElo "2435"]

1.Nf3 d5 2.g3 c6 3.Bg2 Bg4 4.O-O Nd7 5.d3 e5 6.Nbd2 Ngf6 7.e4 dxe4 8.dxe4 Be7
9.Qe1 O-O 10.Nc4 Qc7 11.Ne3 Bh5 12.Nf5 Bc5 13.b4 Bb6 14.c4 a5 15.c5 Ba7 16.a3 axb4
17.axb4 b6 18.cxb6 Bxb6 19.Bb2 Rfe8 20.Nd2 Rxa1 21.Bxa1 g6 22.Ne3 Bg4 23.Nxg4 Nxg4
24.h3 Ngf6 25.Qe2 Qd6 26.Bc3 Bd4 27.Nc4 Qe7 28.Bd2 Ra8 29.Na5 Qe6 30.Rc1 c5
31.b5 Nb6 32.Rc2 h5 33.Kh2 Kg7 34.Bf1 h4 35.g4 Nfd7 36.Nc6 Qb3 37.Bg5 Ra1
38.Bg2 f6 39.Nxd4 exd4 40.Bd2 c4 41.e5 fxe5 42.Rc1 Ra2  0-1

[Event "Siberia B"]
[Site "Novosibirsk RUS"]
[Date "2007.07.23"]
[Round "5"]
[White "Kharashuta,E"]
[Black "Zaichenko,D"]
[Result "1-0"]
[WhiteElo "2211"]
[BlackElo "2030"]

1.Nf3 d5 2.g3 Nf6 3.Bg2 e6 4.O-O Nbd7 5.c4 dxc4 6.Qa4 a6 7.Qxc4 b5 8.Qc2 Bb7
9.d4 c5 10.a4 Be7 11.Rd1 O-O 12.dxc5 Bxc5 13.Bg5 Qb6 14.e3 h6 15.Bxf6 Nxf6
16.axb5 axb5 17.Rxa8 Rxa8 18.Nc3 Ng4 19.h3 Nxf2 20.Kxf2 Bxe3+ 21.Kf1 b4 22.Ne2 Rc8
23.Qb3 Ba6 24.Ne5 Qc5 25.Ng4 Bg1 26.Be4 h5 27.Bd3 hxg4 28.Nxg1 Qf5+ 29.Ke1 Qe5+
30.Ne2 Bxd3 31.Qxd3 gxh3 32.Qd7 Rf8 33.Qd4 Qa5 34.Kf2 e5 35.Qh4 Qc5+ 36.Ke1 Qc2
37.Qxh3 Qxb2 38.Kf2 Qc2 39.Rh1 Qc5+ 40.Ke1 f6 41.Qe6+ Rf7 42.Rh4 Qe7 43.Qc8+ Qf8
44.Qh3 Re7 45.Rh8+ Kf7 46.Rxf8+ Kxf8 47.Qc8+ Kf7 48.Qc4+  1-0

[Event "IMA"]
[Site "Dimitrov RUS"]
[Date "2007.07.24"]
[Round "4"]
[White "Bezgodova,S"]
[Black "Rysbayeva,A"]
[Result "1-0"]
[WhiteElo "2266"]
[BlackElo "2170"]

1.Nf3 d5 2.g3 Bg4 3.Bg2 Nd7 4.c4 e6 5.d3 c6 6.O-O Bd6 7.a3 a5 8.b3 Ngf6 9.Bb2 O-O
10.Nbd2 Re8 11.Qb1 e5 12.cxd5 cxd5 13.e4 d4 14.h3 Be6 15.Ng5 Nc5 16.Nxe6 Nxe6
17.Nc4 b5 18.Nd2 Nd7 19.h4 Nb6 20.Bh3 Nc5 21.Rc1 Ra7 22.Rd1 Rc7 23.Bc1 Qb8
24.Ra2 Qa7 25.Nf3 Rb8 26.Bd2 a4 27.b4 Nb3 28.Be1 Rbb7 29.h5 Rc6 30.Nd2 Rbc7
31.Nxb3 axb3 32.Qxb3 Qa4 33.Qb1 Qa6 34.a4 Nxa4 35.Bd2 h6 36.Qb3 Qb6 37.Rda1 Qb8
38.Kg2 Qe8 39.Qd5 Rb6 40.Bg4 Qc6 41.Qb3 Ra6 42.Bf5 Qa8 43.Qd1 Qf8 44.Qb3 Qa8
45.Rh1 Nc3 46.Rxa6 Qxa6 47.Qb2 Qc6 48.Rc1 Be7 49.Qa3 Bd6 50.Qa5 Qb7 51.Qa3 Na4
52.Rxc7 Qxc7 53.Qb3 Qb7 54.Kf3 Kf8 55.Qc2 Ke7 56.Kg2 Qc7 57.Qd1 Nc3 58.Qb3 Qc6
59.Kf3 Kf8 60.Qb2 Be7 61.Kg2 Bg5 62.f4 Bf6 63.Kf3 exf4 64.Bxf4 Bg5 65.Qa1 Bxf4
66.gxf4 Qb7 67.Qg1 Qa7 68.Bh3 Qb6 69.Qg4 Qc7 70.Qf5 Kg8 71.Bg4 Qd8 72.Qc5 Kh8
73.Bf5 Kg8 74.e5 Qd5+ 75.Qxd5 Nxd5 76.Ke4 Nxb4 77.Kxd4 Nc2+ 78.Kc3 Ne3 79.Be4 Nf1
80.d4 Ng3 81.Bf3 Kf8 82.d5 Ke7 83.Kb4 Nf5 84.Bg4 Ne3 85.d6+ Kd8 86.Bf3 Nc2+
87.Kc5 b4 88.Bd5 Ne1 89.f5 Nd3+ 90.Kd4  1-0

[Event "29th Politiken Cup"]
[Site "Copenhagen DEN"]
[Date "2007.07.25"]
[Round "6"]
[White "Larsen,Ka"]
[Black "Orndahl,Mar"]
[Result "1-0"]
[WhiteElo "2307"]
[BlackElo "2078"]

1.g3 d5 2.Nf3 Nf6 3.Bg2 e6 4.O-O Be7 5.d3 O-O 6.Nbd2 c5 7.e4 Nc6 8.Re1 Re8
9.a4 Bf8 10.c3 b6 11.e5 Nd7 12.Nf1 Ba6 13.Bf4 Rc8 14.h4 g6 15.N1h2 Bg7 16.Ng4 Qe7
17.Bg5 Qf8 18.Qd2 Ncxe5 19.Nfxe5 Nxe5 20.Rxe5 f6 21.Nxf6+ Bxf6 22.Bxf6 Qxf6
23.Rae1 Rcd8 24.h5 Bc8 25.Bxd5 Rxd5 26.Rxd5 Bb7 27.Rde5 Qf3 28.R1e4 Rd8 29.Qe3 Qd1+
30.Qe1 Rxd3 31.Qxd1 Rxd1+ 32.Re1 Rd2 33.R5e2 Rd5 34.Rxe6 Ba6 35.hxg6 hxg6
36.Rxg6+  1-0